Satyricon

में बचाया:
ग्रंथसूची विवरण
मुख्य लेखक: Petronio Arbitro
स्वरूप: पुस्तक
टैग: टैग जोड़ें
कोई टैग नहीं, इस रिकॉर्ड को टैग करने वाले पहले व्यक्ति बनें!

MARC

LEADER 00000nam a22000007i 4500
001 CDOM0000000937
003 mi
005 20250829175407.0
008 920510s1991 it |||||| ||||| |||||c
040 |c mi 
100 |a Petronio Arbitro 
245 1 |a Satyricon  
942 |2 ddc  |c BK 
952 |0 0  |1 0  |2 ddc  |4 0  |7 0  |9 5212  |a MI  |b MI  |d 1988-09-08  |i 1204  |l 0  |p CDOM1204  |r 2025-07-13 16:27:00  |w 2025-07-13  |x DONO  |y BK 
999 |c 4163  |d 4163